000 01526cam a2200157 4500500
005 20260322004139.0
041 _afre
042 _adc
100 1 0 _aJay, Emmanuelle
_eauthor
245 0 0 _aWhat emerges from the force of our fists: Clinical approach to the extreme traumas of migratory journeys via psychoboxing
260 _c2026.
500 _a69
520 _aThis article examines gender relations in mobilizations for the Armenian cause in France during the years around 1968, several decades after the original arrival of Armenian migrants in France, following the 1915 genocide in the Ottoman Empire. While feminism, which had emerged in the homeland at the late nineteenth century, certainly found support from Armenian women in the public arena in 1970s France, they make no reference to it in their defense of the Armenian question, to which they were committed. The article concludes that there are similarities with other contemporary forms of protest: a gendered division of labour, and the refusal to see these divisions, but also the emancipatory dimension of activism. It shows, as well, that since the genocide had been marked by gendered forms of violence, women were responsible for rebuilding the community; as a result, gender relations among Armenians were not shaped exclusively along contested gender frontiers.
786 0 _nLe Coq-héron | 263 | 4 | 2026-02-04 | p. 167-177 | 0335-7899
856 4 1 _uhttps://shs.cairn.info/journal-le-coq-heron-2025-4-page-167?lang=en&redirect-ssocas=7080
999 _c1737768
_d1737768